Αιμίλιος ή περί αγωγής

Αποθηκεύτηκε σε:
Λεπτομέρειες βιβλιογραφικής εγγραφής
Κύριος συγγραφέας: Rousseau, Jean-Jacques, 1712-1778
Άλλοι συγγραφείς: Γκέκα, Πολυτίμη (trlf, edtf), Σπανός, Γιώργος (Μεταφραστής, Επιμελητής έκδοσης)
Μορφή: Βιβλίο
Γλώσσα:Greek
Δημοσίευση: Αθήνα : Πλέθρον, 2002-2006.
Σειρά:Φιλοσοφία (Πλέθρον)
Θέματα:
Ετικέτες: Προσθήκη ετικέτας
Δεν υπάρχουν, Καταχωρήστε ετικέτα πρώτοι!

MARC

LEADER 00000cam a2200000 i 4500
001 1/83455
008 080422m20022006gr | ||| |||| ||gre||
020 |a 9603480797   |q (σετ) 
020 |a 9603480800   |q (τ.1-3) 
020 |a 9603480819   |q (τ.4-5) 
035 |l 10096931 
040 |a GR-MY-UA  |b gre  |e aacr 
041 0 |a gre 
082 7 |a 370.1   |2 (22) 
100 1 |a Rousseau, Jean-Jacques,   |d 1712-1778. 
245 1 0 |a Αιμίλιος ή περί αγωγής /   |c Jean-Jacques Rousseau ; μετάφραση - επιμέλεια: Πολυτίμη Γκέκα, Γιώργος Σπανός 
260 |a Αθήνα :   |b Πλέθρον,   |c 2002-2006.  
300 |a 2 τ. ;   |c 24 εκ. 
490 1 |a (Φιλοσοφία / Πλέθρον) 
650 0 0 |a Education  |x Philosophy. 
650 0 0 |a Education of children. 
650 0 0 |a Humane education. 
700 1 |a Γκέκα, Πολυτίμη,  |e trlf  |e edtf 
700 1 |a Σπανός, Γιώργος,  |e trl  |e edt 
830 0 |a Φιλοσοφία (Πλέθρον) 
852 |a INST  |b LESVOS  |e 20080422  |h 370.1 ROU  |p 005100039662  |q 005100039662  |t BK  |y 0  |z τ.Ι-ΙΙΙ 
852 |a INST  |b LESVOS  |e 20080422  |h 370.1 ROU  |p 005100039663  |q 005100039663  |t BK  |y 0  |z τ.IV-V 
852 |a INST  |b LESVOS  |e 20080422  |h 370.1 ROU  |p 005100039662  |q 005100039662  |t BK  |v τ.Ι-ΙΙΙ:  |y 0  |z τ.Ι-ΙΙΙ 
852 |a INST  |b LESVOS  |e 20080422  |h 370.1 ROU  |p 005100039663  |q 005100039663  |t BK  |v τ.IV-V:  |y 0  |z τ.IV-V 
853 |a INST  |b LESVOS  |h 370.1 ROU 
901 |a BIBL1-2008-1 
909 |a Λ  |b 141839 
909 |a Λ  |b 141840 
922 |a 1ΕΛΗ  |b 200711  |c ΕΠΕΑΕΚ2/ΤΚΑ  |d Σ. ΠΑΤΑΚΗΣ 
970 |a ΚΑΡΑ  |b ΓΙΑΣΕΜΗ  |z 2008/04/22